ISO 693 Languages by abbreviations - Statistics

General Stats
  • This quiz has been taken 13 times
  • The average score is 96 of 183
Answer Stats
Abbreviation Answer % Correct
ZH Chinese
92%
FI Finnish
92%
RU Russian
92%
AR Arabic
83%
HY Armenian
83%
AZ Azerbaijani
83%
BN Bengali
83%
BS Bosnian
83%
HR Croatian
83%
EN English
83%
ET Estonian
83%
DE German
83%
EL Greek
83%
IS Icelandic
83%
IT Italian
83%
KK Kazak
83%
LV Latvian
83%
LT Lithuanian
83%
MI Maori
83%
PS Pashto
83%
FA Persian
83%
RO Romanian
83%
SK Slovak
83%
ES Spanish
83%
UZ Uzbek
83%
VI Vietnamese
83%
ZU Zulu
83%
AF Afrikaans
75%
SQ Albanian
75%
AM Amharic
75%
BE Belarusian
75%
BG Bulgarian
75%
MY Burmese
75%
CA Catalan
75%
CS Czech
75%
DA Danish
75%
NL Dutch
75%
DZ Dzongkha
75%
FR French
75%
HE Hebrew
75%
HI Hindi
75%
GA Irish
75%
JA Japanese
75%
JV Javanese
75%
RW Kinyarwanda
75%
KO Korean
75%
KU Kurdish
75%
KY Kyrgyz
75%
LO Lao
75%
MS Malay
75%
MN Mongolian
75%
NO Norwegian
75%
NN Norwegian Nynorsk
75%
PL Polish
75%
PT Portuguese
75%
QU Quechua
75%
SR Serbian
75%
SL Slovenian
75%
SV Swedish
75%
TG Tajik
75%
TA Tamil
75%
TH Thai
75%
TR Turkish
75%
TK Turkmen
75%
YO Yoruba
75%
FJ Fijian
67%
KA Georgian
67%
HA Hausa
67%
HU Hungarian
67%
IG Igbo
67%
MK Macedonian
67%
MR Marathi
67%
NV Navajo
67%
NE Nepali
67%
PA Punjabi
67%
RM Romansh
67%
SO Somali
67%
SW Swahili
67%
TL Tagalog
67%
TE Telugu
67%
UK Ukrainian
67%
UR Urdu
67%
CY Welsh
67%
XH Xhosa
67%
EU Basque
58%
CE Chechen
58%
FO Faroese
58%
GU Gujarati
58%
HT Haitian
58%
ID Indonesian
58%
LA Latin
58%
MG Malagasy
58%
MT Maltese
58%
NA Nauru
58%
SM Samoan
58%
SD Sindhi
58%
SI Sinhala
58%
TO Tonga
58%
TN Tswana
58%
AS Assamese
50%
BR Breton
50%
EO Esperanto
50%
GD Gaelic
50%
GL Galician
50%
GN Guarani
50%
KN Kannada
50%
LN Lingala
50%
LB Luxembourgish
50%
GV Manx
50%
OC Occitan
50%
OS Ossetian
50%
SA Sanskrit
50%
TT Tatar
50%
BO Tibetan
50%
WO Wolof
50%
AB Abkhaz
42%
KW Cornish
42%
KG Kongo
42%
OR Oriya
42%
OM Oromo
42%
SU Sundanese
42%
TI Tigrinya
42%
AK Akan
33%
AY Aymara
33%
BM Bambara
33%
BA Bashkir
33%
BI Bislama
33%
CV Chuvash
33%
CO Corsican
33%
CR Cree
33%
KS Kashmiri
33%
ML Malayalam
33%
MH Marshallese
33%
SG Sango
33%
SC Sardinian
33%
SN Shona
33%
TW Twi
33%
VE Venda
33%
AA Afar
25%
AN Aragonese
25%
DV Divehi
25%
EE Ewe
25%
HZ Herero
25%
IA Interlingua
25%
IU Inuktitut
25%
OJ Ojibwa
25%
SS Swati
25%
TS Tsonga
25%
YI Yiddish
25%
AV Avaric
17%
CH Chamorro
17%
NY Chichewa
17%
LG Ganda
17%
HO Hiri Motu
17%
IE Interlingue
17%
IK Inupiaq
17%
KL Kalaallisut
17%
PI Pali
17%
RN Rundi
17%
TY Tahitian
17%
VO Volapük
17%
ZA Zhuang
17%
AE Avestan
8%
KM Central Khmer
8%
CU Church Slavonic
8%
FF Fulah
8%
IO Ido
8%
KR Kanuri
8%
KI Kikuyu
8%
KV Komi
8%
KJ Kuanyama
8%
LI Limburgan
8%
LU Luba-Katanga
8%
NG Ndonga
8%
SE Northern Sami
8%
ND North Ndebele
8%
NB Norwegian Bokmål
8%
II Sichuan Yi
8%
NR South Ndebele
8%
UG Uighur
8%
WA Wallon
8%
FY Western Frisian
8%
ST Southern Sestho
0%
No matching quizzes found
Score Distribution
Percent of People with Each Score
Percentile by Number Answered
Your Score History
You have not taken this quiz